Computer Fundamentals (Record no. 98)

MARC details
000 -LEADER
fixed length control field 00369nam a22001577a 4500
005 - DATE AND TIME OF LATEST TRANSACTION
control field 20180131160037.0
008 - FIXED-LENGTH DATA ELEMENTS--GENERAL INFORMATION
fixed length control field 160427b xxu||||| |||| 00| 0 eng d
020 ## - INTERNATIONAL STANDARD BOOK NUMBER
ISBN 81-7656-360-9
041 ## - LANGUAGE CODE
Language code of text/sound track or separate title eng
082 ## - DEWEY DECIMAL CLASSIFICATION NUMBER
Item number 00290
Classification number 004
100 ## - MAIN ENTRY--AUTHOR NAME
Personal name Sinha, P.K.
245 ## - TITLE STATEMENT
Title Computer Fundamentals
260 ## - PUBLICATION, DISTRIBUTION, ETC. (IMPRINT)
Place of publication New Delhi
Name of publisher BPB Publishing,
Year of publication 1992
300 ## - PHYSICAL DESCRIPTION
Number of Pages 247
942 ## - ADDED ENTRY ELEMENTS (KOHA)
Koha item type Books
Holdings
Lost status Damaged status Collection code Home library Current library Shelving location Date acquired Cost, normal purchase price Full call number Accession Number Koha item type Source of acquisition
    CS/IT JRU Library JRU Library SHELF-57-B 27/04/2016 120.00 00290 00290 Books  
    CS/IT JRU Library JRU Library SHELF-48-A 27/04/2016 120.00 004 00291 Books PURCHASE
    CS/IT JRU Library JRU Library SHELF-57-B 27/04/2016 120.00   00292 Books